|
|
|
|
| LEADER |
00970nam a2200229 a 4500 |
| 001 |
00027287 |
| 008 |
130728s2008 coua b 001 0 eng |
| 020 |
|
|
|a 8130906317
|
| 020 |
|
|
|a 9788130906317
|
| 040 |
|
|
|a BD-DhAAL
|c BD-DhAAL.
|
| 082 |
0 |
0 |
|a 364.1324
|2 22
|
| 245 |
0 |
0 |
|a Elections for sale :
|b the causes and consequences of vote buying /
|c edited by Frederic Charles Schaffer.
|
| 260 |
|
|
|a Boulder, Colo. :
|b Lynne Rienner Publishers ;
|a New Delhi :
|b Viva Books
|c 2008
|
| 300 |
|
|
|a ix, 227 p. :
|b ill. ;
|c 24 cm.
|
| 504 |
|
|
|a Includes bibliographical references (p. 201-217) and index.
|
| 541 |
|
|
|e 00027287
|
| 650 |
|
0 |
|a Elections
|x Corrupt practices.
|
| 650 |
|
0 |
|a Voting.
|
| 700 |
1 |
|
|a Schaffer, Frederic Charles.
|
| 852 |
1 |
|
|a Ayesha Abed Library
|j General shelf.
|
| 999 |
|
|
|c 13756
|d 13756
|
| 952 |
|
|
|0 0
|1 0
|4 0
|6 364_132400000000000_ELE
|7 0
|9 23012
|a IGS
|b IGS
|c GEN
|d 2013-07-28
|e Karim International
|g 1070.00
|l 0
|o 364.1324 ELE
|p 3010027287
|r 2013-07-28
|t 1
|w 0000-00-00
|y BK
|x Available
|